Familia y adolescencia en Costa Rica: el caso de las familias expulsoras /

Guardado en:
Bibliografiske detaljer
Hovedforfatter: Prieto Cruz, Olga
Format: Texto
Tags: Tilføj Tag
Ingen Tags, Vær først til at tagge denne postø!

MARC

LEADER 00000 a a2200000 04500
001 48571
003
040
100 |a Prieto Cruz, Olga  
245 |a Familia y adolescencia en Costa Rica:   |b el caso de las familias expulsoras /  |c Olga Prieto Cruz  
773 |g número147, (2015), páginas 59-72  
999 |c 36143  |d 36143 
773 0 |0 18728  |9 1627  |a Universidad de Costa Rica  |d San José, Costa Rica Editorial UCR 1956-  |o 18143  |t Revista de Ciencias Sociales/  |x 04825276